Movies Quiz

Random Movies or Oscar Quiz

Best Actress - Bechdel Test Quiz Stats

 Plays Quiz not verified by Sporcle

Score 0/47 Timer 05:00
0 Plays Today
% Correct
Black Swan
94.7%
Erin Brockovich
93.2%
Gone With the Wind
92.4%
Mary Poppins
91.7%
Alice Doesn't Live Here Anymore
90.9%
The Hours
90.2%
Blue Jasmine
89.4%
Boys Don't Cry
89.4%
La Vie en Rose
87.9%
The Iron Lady
87.9%
A Streetcar Named Desire
87.1%
Monster
87.1%
The Piano
87.1%
Coal Miner's Daughter
86.4%
The Queen
86.4%
Moonstruck
84.8%
Still Alice
84.8%
Funny Girl
84.1%
Cabaret
83.3%
Terms of Endearment
83.3%
Mildred Pierce
81.8%
Silver Linings Playbook
81.8%
Annie Hall
81.1%
Million Dollar Baby
81.1%
% Correct
Guess Who's Coming to Dinner
80.3%
Mrs. Miniver
80.3%
Shakespeare in Love
80.3%
Sophie's Choice
80.3%
The Accused
80.3%
The Miracle Worker
79.5%
The Prime of Miss Jean Brodie
78%
The Silence of the Lambs
76.5%
Howards End
74.2%
As Good as It Gets
73.5%
Fargo
73.5%
Women in Love
70.5%
Blue Sky
64.4%
Gaslight
64.4%
The Trip to Bountiful
64.4%
Walk the Line
63.6%
The Great Ziegfeld
62.9%
Darling
62.1%
Network
62.1%
The Heiress
61.4%
The Lion in Winter
60.6%
Min and Bill
54.5%
Born Yesterday
50.8%

You're not logged in!

Compare scores with friends on all Sporcle quizzes.
OR
Log In

Show Comments

Extras

Top Quizzes Today


Score Distribution

Your Account Isn't Verified!

In order to create a playlist on Sporcle, you need to verify the email address you used during registration. Go to your Sporcle Settings to finish the process.

Report this User

Report this user for behavior that violates our Community Guidelines.

Details: